Normal view
MARC view
- LLP Limited
Entry Corporate Name
001 - CONTROL NUMBER
- control field: 151695
003 - CONTROL NUMBER IDENTIFIER
- control field: DLC
005 - DATE AND TIME OF LATEST TRANSACTION
- control field: 20260108114441.0
008 - FIXED-LENGTH DATA ELEMENTS
- fixed length control field: 011002n| azannaabn |a ana
010 ## - LIBRARY OF CONGRESS CONTROL NUMBER
- LC control number: n 2001084177
035 ## - SYSTEM CONTROL NUMBER
- System control number: (OCoLC)oca05596771
040 ## - CATALOGING SOURCE
- Original cataloging agency: DLC
- Language of cataloging: eng
- Description conventions: rda
- Transcribing agency: DLC
- Modifying agency: IEN
- Modifying agency: DLC
110 2# - HEADING--CORPORATE NAME
- Corporate name or jurisdiction name as entry element: LLP Limited
410 2# - SEE FROM TRACING--CORPORATE NAME
- Corporate name or jurisdiction name as entry element: LLP (Firm)
670 ## - SOURCE DATA FOUND
- Source citation: Boland, Carol. Reinsurance, 1996:
- Information found: t.p. (LLP) t.p. verso (LLP Limited)



